000 00864nmc a2200289 a 4500
003 AR-BaBNM
005 20251128204723.0
008 011101s1994 ||||||||||||||000 | spa||
020 _a84-7112-398-3
040 _cAR-BaBNM
100 1 _aEgan, Kieran
245 1 0 _aFantasía e imaginación
_bsu poder en la enseñanza
260 _aMadrid
_bEdiciones Morata
_c1994
300 _a167 p.
490 0 _aEducación infantil y primaria
_vv. 30
500 _aUna alternativa a la enseñanza y el aprendizaje en la educación infantil y primaria
500 _aIndice de autores y materias
504 _aContiene bibliografía
650 4 _aCIENCIAS DE LA EDUCACION
650 4 _aPEDAGOGIA
650 4 _aPLAN DE ESTUDIOS
650 4 _aENSENANZA
653 _aEDUCACION PRIMARIA
700 1 _aManzano, Pablo
_etraductor
942 _cBK
998 _cEnrique
999 _c8557
_d8557